Zufällige Weltkutteln #1 - Statistiken

Allgemein
  • Dieses Quiz wurde 63 mal gespielt
  • Das Durchschnittsergebnis liegt bei 16 aus 17
Antworten auf der Karte
Die Antworten werden auf der Karte rot bzw. grün angezeigt, abhängig davon wie oft sie richtig erraten wurden.
 
Antwortstatistiken
ANTWORT % Korrekt
Israel
100%
Australien
96%
Deutschland
96%
Japan
96%
Kroatien
96%
Finnland
95%
Frankreich
95%
Irland
95%
China
93%
Estland
93%
Georgien
93%
Griechenland
93%
Indien
93%
Tschechien
93%
Zypern
93%
Bulgarien
88%
Kasachstan
84%
Keine übereinstimmenden Quizze gefunden
Verteilung der Resultate
Anzahl Personen mit jedem Resultat
Perzentil nach korrekt beantworteten Fragen
Ihre Resultats-Entwicklung
Sie haben dieses Quiz noch nicht gespielt